NFL Schedule Quiz: Atlanta Falcons - Statistics

General Stats
  • This quiz has been taken 6 times
  • The average score is 13 of 18
Answer Stats
WEEK OPPONENTS CONFERENCE NFL TEAM % Correct
8 NFC SOUTH Buccaneers
100%
2 NFC SOUTH Panthers
100%
4 NFC SOUTH Saints
100%
7 NFC WEST 49ers
75%
6 NFC NORTH Bears
75%
9 AFC NORTH Bengals
75%
16 NFC SOUTH Buccaneers
75%
10 AFC WEST Chiefs
75%
3 NFC NORTH Packers
75%
18 NFC SOUTH Panthers
75%
5 AFC NORTH Ravens
75%
17 NFC SOUTH Saints
75%
1 AFC NORTH Steelers
75%
14 AFC NORTH Browns
50%
15 NFC EAST Commanders
50%
13 NFC NORTH Lions
50%
11 BYE WEEK NO ONE
50%
12 NFC NORTH Vikings
50%
No matching quizzes found
Score Distribution
Percent of People with Each Score
Percentile by Number Answered
Your Score History
You have not taken this quiz